000 00362nam a22001457a 4500
008 230405b |||||||| |||| 00| 0 eng d
020 _a978-81-8495-6654-2
082 _a650.1
100 _aDeepak Mehra
245 _aReady, Steady, Go
260 _bJaico Publishing House,
_c2015
300 _a209 p.
_c21.5 cm
942 _2ddc
999 _c9463
_d9464